Normal view
MARC view
Entry Personal Name
001 - CONTROL NUMBER
- control field: 9174
003 - CONTROL NUMBER IDENTIFIER
- control field: OSt
005 - DATE AND TIME OF LATEST TRANSACTION
- control field: 20160531182112.0
008 - FIXED-LENGTH DATA ELEMENTS
- fixed length control field: 160531|| aca||aabn | a|a d
040 ## - CATALOGING SOURCE
- Original cataloging agency: OSt
- Transcribing agency: OSt
100 ## - HEADING--PERSONAL NAME
- Personal name: Newson, Louise; Patel, Ash; Shah, Rupal
670 ## - SOURCE DATA FOUND
- Source citation: Work cat.: (OSt): Newson, Louise; Patel, Ash; Shah, Rupal, Hot Topics for MRCGP and General Practitioners.
